000 00568nam a2200205Ia 4500
005 20250923145949.0
008 008 250917s9999 xx 000 0 eng d
037 _aTextual
040 _aDSWL
_beng
_cDSWL
041 _aeng
_2eng
084 _aZ(Q2), N93
_qDSWL
100 _aSarkar, U.C.
_9840779
245 3 _aAn Introduction to Hindu Law
_c by U.C. Sarkar
260 _aAllahabad
_bLaw Agency University Road
_c1974
300 _axxxiv,360,6 p.
365 _bGift
925 _gGift
942 _cTEXL
_hZ(Q2), N93
999 _c1457881
_d1457881